| Tag |
First Indicator |
Second Indicator |
Subfields |
| LEADER |
00000cam a2200000 a 4500 |
| 001 |
in00000071122 |
| 005 |
20151008062051.0 |
| 008 |
800821s1980 pauab b 10110 engm |
| 010 |
|
|
|a 79054724
|
| 020 |
|
|
|z 0470300016
|
| 020 |
|
|
|c $15.75 (pbk.)
|
| 035 |
|
|
|a (OCoLC)06707582
|
| 035 |
|
|
|9 AAJ9446AM
|
| 040 |
|
|
|a DLC
|c DLC
|d m.c.
|d OCL
|d TXA
|d UtOrBLW
|
| 049 |
|
|
|a TXAM
|c [1195929]
|
| 050 |
0 |
0 |
|a TD800
|b .S95 1978
|
| 082 |
0 |
|
|a 628.1/6833
|2 19
|
| 111 |
2 |
|
|a Symposium on Disposal of Oil and Related Materials and Debris Resulting from a Spill Cleanup Operation
|d (1978 :
|c Denver, Colo.)
|
| 245 |
1 |
0 |
|a Disposal of oil and debris resulting from a spill cleanup operation :
|b a symposium sponsored by ASTM Committee F-20 on Spill Control Systems, American Society for Testing and Materials, Denver, Colo., 6-7 Nov. 1978 /
|c J.S. Farlow and Clare Swanson, editors.
|
| 264 |
|
1 |
|a Philadelphia, Pa. :
|b The Society,
|c [1980]
|
| 264 |
|
4 |
|c ©1980
|
| 300 |
|
|
|a 147 pages :
|b illustrations, maps ;
|c 23 cm.
|
| 336 |
|
|
|a text
|b txt
|2 rdacontent
|
| 337 |
|
|
|a unmediated
|b n
|2 rdamedia
|
| 338 |
|
|
|a volume
|b nc
|2 rdacarrier
|
| 490 |
1 |
|
|a ASTM special technical publication ;
|v 703
|
| 504 |
|
|
|a Includes bibliographical references and index.
|
| 650 |
|
0 |
|a Petroleum waste
|x Congresses.
|
| 650 |
|
0 |
|a Oil spills
|x Environmental aspects
|x Congresses.
|
| 700 |
1 |
|
|a Farlow, John S.
|
| 700 |
1 |
|
|a Swanson, Clare.
|
| 710 |
2 |
|
|a ASTM Committee F-20 on Spill Control Systems.
|
| 830 |
|
0 |
|a ASTM special technical publication ;
|v 703.
|
| 999 |
|
|
|a MARS
|
| 999 |
f |
f |
|s e5b68c63-419f-30ce-953a-a84277917afa
|i 3609200d-13d0-3c9a-a56c-50653bbd25e1
|t 0
|
| 952 |
f |
f |
|p ric
|a Texas A&M University
|b Rellis Campus
|c Joint Library Facility
|d Remote Storage
|t 0
|e TD800 .S95 1978
|h Library of Congress classification
|i unmediated -- volume
|m A14806245493
|
| 998 |
f |
f |
|a TD800 .S95 1978
|t 0
|l Remote Storage
|